| 000 -CABECERA |
| fixed length control field |
01376nam a22002177a 4500 |
| 003 - IDENTIFICADOR DEL NÚMERO DE CONTROL |
| control field |
AR-CdUCM |
| 008 - DATOS DE LONGITUD FIJA--INFORMACIÓN GENERAL |
| fixed length control field |
190429b ||||| |||| 00| 0 spa d |
| 040 ## - FUENTE DE LA CATALOGACIÓN |
| Agencia/entidad que catalogó originalmente la obra |
MUNICIPALIDAD PROVINCIAL DEL CUSCO |
| Entidad que transcribió la catalogación |
BIBLIOTECA MUNICIPAL DEL CUSCO |
| 082 ## - NÚMERO DE LA CLASIFICACIÓN DECIMAL DEWEY |
| No. de Clasificación |
Illapa/N°2/2008 |
| 245 ## - MENCIÓN DE TÍTULO |
| Título |
Illapa : |
| Resto del título |
Revista de la Escuela Superior Autónoma de Bellas Artes Diego Quispe Tito del Cusco / |
| 260 ## - PUBLICACIÓN, DISTRIBUCIÓN, ETC. |
| Lugar de publicación, distribución, etc. |
Cusco. |
| Nombre de la editorial, distribuidor, etc. |
ESABAC, |
| Fecha de publicación, distribución, etc. |
2008. |
| 300 ## - DESCRIPCIÓN FÍSICA |
| Nº de Páginas Extensión |
47 páginas. : |
| Otros detalles físicos |
ilustraciones ; |
| Dimensiones |
25 cm. |
| 440 ## - MENCIÓN DE SERIE/PUNTO DE ACCESO ADICIONAL--TÍTULO |
| Título |
Illapa. |
| Número de la parte/sección de una obra |
Año 1, N°2, diciembre 2008. |
| 9 (RLIN) |
47531 |
| 505 ## - NOTA DE CONTENIDO CON FORMATO |
| Nota de contenido formateada |
Contenido: Persistencia del barroco mestizo en los Andes. Ricardo Scotti. -- Nueva currícula de educación artística. Herbert Rodríguez. -- Una mirada venezolana al Cusco profundo. Víctor Márquez. -- El universo femenino desde una mirada privada. Mónica Núñez Luis. -- La post-modernidad conceptual. Lawrence Carrasco. -- Arte innovación artesanal i diseño. José D. Gutiérrez. -- La psicología y el arte. Soraida Pilco. -- La curaduría y las artes visuales en el Cusco. Manuel Gibaja. -- Los 3 azotes. Rolando Moreyra. -- La hoja de coca, creencias y valores. Sixto Guevara. |
| 650 ## - PUNTO DE ACCESO ADICIONAL DE MATERIA--TÉRMINO DE MATERIA |
| Descriptor |
Arte cusqueño |
| 9 (RLIN) |
13165 |
| 650 ## - PUNTO DE ACCESO ADICIONAL DE MATERIA--TÉRMINO DE MATERIA |
| Descriptor |
Artistas cusqueños |
| 9 (RLIN) |
46623 |
| 650 ## - PUNTO DE ACCESO ADICIONAL DE MATERIA--TÉRMINO DE MATERIA |
| Descriptor |
Bellas Artes |
| 9 (RLIN) |
12670 |
| 710 ## - PUNTO DE ACCESO ADICIONAL--NOMBRE DE ENTIDAD CORPORATIVA |
| Nombre corporativo (En letras Mayúsculas) |
Escuela Superior Autónoma de Bellas Artes Diego Quispe Tito del Cusco |
| 9 (RLIN) |
47530 |
| 942 ## - ELEMENTOS DE PUNTO DE ACCESO ADICIONAL (KOHA) |
| Fuente de clasificación |
|
| Tipo de item |
Revistas cusqueñas |
| 945 ## - PROCESAMIENTO DE INFORMACIÓN LOCAL (OCLC) |
| Catalogador |
rac |